000 01051nam a2200337 c 4500
001 15201
003 ES-MaCES
005 20150925134757.0
008 030625s2001 sp 100 | spa d
017 _aM-5.535-2001
_bDL
020 _a8437505186
035 _aCES20030008569m
040 _aES-MaCES
_bspa
_cES-MaCES
111 2 _aJornadas sobre Iberoamérica y España
_d2001
_cMadrid
_9802
245 1 3 _aLa universidad en la sociedad del siglo XXI
_cJornadas sobre Iberoamérica y España
250 _a1ª ed
260 _aMadrid
_bFundación Santander Central Hispano
_bFondo de Cultura Económica de España
_c2001
300 _a304 p.
_c25 cm
504 _aBibliografía
541 _cCompra
650 4 _aenseñanza superior
_927379
650 4 _acultura
_927265
650 4 _aAmérica Latina
_926882
650 4 _aEspaña
_926964
650 4 _aconferencia
_927013
653 1 0 _aEducación
650 4 _927434
_auniversidad
902 _aLIB Libro
942 _2CES
_cBK
_h4.0.
999 _c15201
_d15201